| 000 | 00529nam a2200181Ia 4500 | ||
|---|---|---|---|
| 003 | SGT | ||
| 020 | _a9780070528987 | ||
| 082 |
_a621.381 _bSCH |
||
| 100 | _aSchilling,Donald,L. | ||
| 245 | _aElectronic circuits | ||
| 250 | _a3rd Ed. | ||
| 260 |
_bTata McGraw Hill Education Private Limited _aNew Delhi _c2011 |
||
| 300 | _a936p. | ||
| 650 | _aELECTRONICS ENGINEERING | ||
| 653 | _aDIODE-CIRCUIT ANALYSIS,INTRODUCTION TO TRANSISTOR CIRCUITS,THE FIELD TRANSISTOR,BIAS STABILITY, | ||
| 700 | _aBelove,Charles | ||
| 942 |
_2ddc _cBK |
||
| 999 |
_c5241 _d5241 |
||